01721nam a2200277 c 4500003000900000005001700009006001900026007000300045008004100048040003000089041000800119082001400127100003700141245006800178264005900246300004400305336002600349337003200375338002800407505076300435590002801198700004301226942001401269952014301283999001701426DO-SdBNP20230502100259.0a||||gr|||| 00| 0 ta230425t1959 xu a|||er|||| 001 j eng d aDO-SdBNPbspacBNPHUerda07heng 4222bG168t1 941158aGallico, Paul,d1897-197610aToo many ghosts. /cPaul Gallico; frontispicio, Ezra Jack Keats32aGarden City, N. Y. :bDoubleday & company, Inc.,c1959 a288 páginas :bilustración ;c21 cm 2rdacontenatextobtxt 2rdamediaasin mediciónbn 2rdacarrieravolumenbnc aInfestationtThe Ghost tht came to dinner.-- Mr. Hero has a visitor.-- Meg.-- Exercise in exorcim.-- Who would hate Susan Marshall?.-- Mr. Hero is baited.-- Ware! women!.-- The avid widow.-- The honorable Isobel.-- What it´s like to be noreen.--Return engagement.-- Enter the good fairy.-- Can Ghosts be trapped?.-- Never hunt a ghost with a gun.-- Alexander Hero regrets...--tThe anti - un of paradine hall.-- Parewell to a poltergeist.-- Mr. Jellicot Weeps.-- Mr. Taylos Parts. the curtains.-- "My dear, it´s a family matter".-- Assist be Johann Sebastian Bach.-- Coffe for sixteen pistol for one.-- Courtesy of Dr. John Henry Pepper.-- "Good - by, my Bonnie dear".-- There Who departed.-- The stuff of ghosts.-- "Never again to speak except to ´ray". aInventariado 2023 / MF1 aJack Keats, Ezra,efrontispicio983299 2ddccLBS1 00102ddc55708GR-RVaBNPHUbBNPHUcCTd0000-00-00eDonado por Rafael Andrés Ortegal0oG168tp2023-1492r2023-04-25w2023-04-25yLBS1 c53350d53350